ការគ្រប់គ្រងគំរោងអភីវឌ្ឍន៍ project management (Record no. 8694)
[ view plain ]
| 000 -LEADER | |
|---|---|
| fixed length control field | 00332nam a22001097a 4500 |
| 040 ## - CATALOGING SOURCE | |
| Transcribing agency | HS |
| 082 ## - DEWEY DECIMAL CLASSIFICATION NUMBER | |
| Classification number | 658 |
| 100 ## - MAIN ENTRY--AUTHOR NAME | |
| Personal name | ង៉ោ ប៊ុនថាន |
| 245 ## - TITLE STATEMENT | |
| Title | ការគ្រប់គ្រងគំរោងអភីវឌ្ឍន៍ project management |
| 260 ## - PUBLICATION, DISTRIBUTION, ETC. (IMPRINT) | |
| Place of publication | RUA |
| Name of publisher | ង៉ោ ប៊ុនថាន |
| Year of publication | 2007 |
| 942 ## - ADDED ENTRY ELEMENTS (KOHA) | |
| Koha item type | សៀវភៅភាសាខ្មែរ |
| 952 ## - LOCATION AND ITEM INFORMATION (KOHA) | |
| Withdrawn status [LOCAL, KOHA] | 0 |
| 952 ## - LOCATION AND ITEM INFORMATION (KOHA) | |
| Withdrawn status [LOCAL, KOHA] | 0 |
| 952 ## - LOCATION AND ITEM INFORMATION (KOHA) | |
| Withdrawn status [LOCAL, KOHA] | 0 |
| Permanent Location | Date acquired | Koha item type | Lost status | Shelving location | Barcode | Current Location | Full call number |
|---|---|---|---|---|---|---|---|
| Library Block C | 2016-08-09 | សៀវភៅភាសាខ្មែរ | C237 | RUA44316 | Library Block C | 658 ង៉ោ 2007 C237 | |
| Library Block C | 2016-09-07 | សៀវភៅភាសាខ្មែរ | C063 | RUA043113 | Library Block C | 658 ង៉ោ 2007 C063 | |
| Library Block C | 2016-09-08 | សៀវភៅភាសាខ្មែរ | C236 | RUA043133 | Library Block C | 658 ង៉ោ 2007 C236 |